Between tiger and dragon : (Record no. 33683)
[ view plain ]
| 000 -LEADER | |
|---|---|
| fixed length control field | 01206nam a2200229 4500 |
| 008 - FIXED-LENGTH DATA ELEMENTS--GENERAL INFORMATION | |
| fixed length control field | 090928 2009 ph eng |
| 020 ## - INTERNATIONAL STANDARD BOOK NUMBER | |
| International Standard Book Number | 9789712722264 :Php695/556 |
| 020 ## - INTERNATIONAL STANDARD BOOK NUMBER | |
| International Standard Book Number | 9789712722271 |
| 090 ## - LOCALLY ASSIGNED LC-TYPE CALL NUMBER (OCLC); LOCAL CALL NUMBER (OCLC) | |
| Classification number (OCLC) (R) ; Classification number, CALL (RLIN) (NR) | DS673.C5 |
| Local cutter number (OCLC) ; Book number/undivided call number, CALL (RLIN) | H11 |
| -- | 2009 |
| 100 0# - MAIN ENTRY--PERSONAL NAME | |
| Personal name | Haberer, Claude. |
| 245 10 - TITLE STATEMENT | |
| Title | Between tiger and dragon : |
| Remainder of title | a history of Philippine relations with China and Taiwan / |
| Statement of responsibility, etc | by Claude Haberer. |
| 260 ## - PUBLICATION, DISTRIBUTION, ETC. (IMPRINT) | |
| Place of publication, distribution, etc | Manila : |
| Name of publisher, distributor, etc | Anvil |
| Date of publication, distribution, etc | 2009. |
| 300 ## - PHYSICAL DESCRIPTION | |
| Extent | 216 p. : |
| Other physical details | ill., ports. ; |
| Dimensions | 23 cm. |
| 504 ## - BIBLIOGRAPHY, ETC. NOTE | |
| Bibliography, etc | Include bibliographical references and index. |
| 505 0# - FORMATTED CONTENTS NOTE | |
| Title | The Colonial era until 1946: foreign powers and the establishment of Chinese trading communities -- |
| -- | 1946 to 1965: anti-communist solidarity in America's shadow -- |
| -- | 1965 to 1975: from dream to reality -- |
| -- | 1975 to 1986: a region undergoing change -- |
| -- | From 1986: an era of painful realities for the Philippines -- |
| -- | Spratlys dispute. |
| 651 #4 - SUBJECT ADDED ENTRY--GEOGRAPHIC NAME | |
| Geographic name | China |
| General subdivision | Foreign relations |
| Geographic subdivision | Philippines. |
| 651 #4 - SUBJECT ADDED ENTRY--GEOGRAPHIC NAME | |
| Geographic name | Philippines |
| General subdivision | Foreign relations |
| Geographic subdivision | China. |
| 651 #4 - SUBJECT ADDED ENTRY--GEOGRAPHIC NAME | |
| Geographic name | Philippines |
| General subdivision | Foreign relations |
| Geographic subdivision | Taiwan. |
| 651 #4 - SUBJECT ADDED ENTRY--GEOGRAPHIC NAME | |
| Geographic name | Taiwan |
| General subdivision | Foreign relations |
| Geographic subdivision | Philippines. |
| 951 ## - EQUIVALENCE OR CROSS-REFERENCE-GEOGRAPHIC NAME/AREA NAME [OBSOLETE] [CAN/MARC only] | |
| General subdivision | 00038384 |
| 951 ## - EQUIVALENCE OR CROSS-REFERENCE-GEOGRAPHIC NAME/AREA NAME [OBSOLETE] [CAN/MARC only] | |
| -- | 33299 |
| -- | FILDS673.C5/H11/2009 |
| -- | 090928150147906 |
| -- | 2000-12-21 |
| -- | FIL |
| Withdrawn status | Lost status | Damaged status | Not for loan | Home library | Current library | Shelving location | Date acquired | Accession number | Shelving control number | Total Checkouts | Full call number | Barcode | Date last seen | Price effective from | Koha item type |
|---|---|---|---|---|---|---|---|---|---|---|---|---|---|---|---|
| BSOP Library | BSOP Library | Filipiniana | 12/21/2000 | 33299 | 127 | FILDS673.C5/H11/2009 | 00038384 | 02/23/2013 | 02/23/2013 | Books |
